[Event "FRA-ch U16 Girls"]
[Site "Montlucon"]
[Date "2011.04.17"]
[Round "1"]
[White "Chauvet, Adele"]
[Black "Del Valle, Clemence"]
[Result "1-0"]
[WhiteElo "1535"]
[BlackElo "1820"]
[PlyCount "125"]
[EventDate "2011.04.17"]
[EventType "swiss"]
[EventRounds "9"]
[EventCountry "FRA"]
[SourceTitle "CBM 142 Extra"]
[Source "ChessBase"]
[SourceDate "2011.06.27"]
[SourceVersion "1"]
[SourceVersionDate "2011.06.27"]
[SourceQuality "1"]

1. e4 c6 2. d4 d5 3. Nd2 dxe4 4. Nxe4 Bf5 5. Ng3 Bg6 6. h4 h6 7. h5 Bh7 8. Nf3 Nd7 9. Bd3 Bxd3 10. Qxd3 Ngf6 11. Bd2 e6 12. 0-0-0 Bd6 13. Ne4 Nxe4 14. Qxe4 Nf6 15. Qe2 Qc7 16. Kb1 0-0-0 17. Ne5 Nd5 18. Nc4 Bb4 19. c3 Be7 20. Qf3 Bf6 21. Qe4 Rhe8 22. f4 Kb8 23. g4 c5 24. g5 Be7 25. Rhf1 cxd4 26. Ne5 dxc3 27. Rc1 Qb6 28. Bxc3 Nxc3+ 29. Rxc3 Rd4 30. Qc2 Red8 31. Nxf7 Rd2 32. Qc1 Bb4 33. Rb3 Rc8 34. Qxd2 Bxd2 35. Rxb6 axb6 36. gxh6 gxh6 37. f5 exf5 38. Nd6 Rg8 39. Rxf5 Rg1+ 40. Kc2 Bg5 41. Nf7 Rg2+ 42. Kb3 Rg3+ 43. Kc4 Bc1 44. b3 Rg2 45. a4 Rc2+ 46. Kb5 Rb2 47. Kb4 Bd2+ 48. Kc4 Kc7 49. Rb5 Rb1 50. Ne5 Rf1 51. Kd3 Bg5 52. Nc4 Rf3+ 53. Kc2 Rh3 54. Nxb6 Rxh5 55. Nd5+ Kb8 56. a5 Rh2+ 57. Kd3 Ra2 58. Kc4 h5 59. Nb4 Rg2 60. a6 Rg4+ 61. Kd5 Ka7 62. Rxb7+ Ka8 63. Nc6 1-0

[Event "FRA-chT1 0910"]
[Site "France"]
[Date "2009.12.12"]
[Round "6.8"]
[White "Chauvet, Adele"]
[Black "Roumegous, Etienne"]
[Result "0-1"]
[WhiteElo "1470"]
[BlackElo "2165"]
[PlyCount "102"]
[EventDate "2009.09.27"]
[EventType "team-tourn"]
[EventRounds "11"]
[EventCountry "FRA"]
[SourceTitle "EXT 2011"]
[Source "ChessBase"]
[SourceDate "2010.11.26"]
[SourceVersion "1"]
[SourceVersionDate "2010.11.26"]
[SourceQuality "1"]

1. e4 e6 2. d4 d5 3. Nd2 Nc6 4. c3 e5 5. exd5 Qxd5 6. dxe5 Nxe5 7. Ngf3 Nd3+ 8. Bxd3 Qxd3 9. Qa4+ Bd7 10. Qe4+ Qxe4+ 11. Nxe4 Bc6 12. Ned2 0-0-0 13. 0-0 g6 14. Nd4 Bd5 15. N2b3 Bg7 16. Bf4 a6 17. Rfe1 Nf6 18. Re7 Rd7 19. Rae1 Kd8 20. Rxd7+ Nxd7 21. f3 Bxd4+ 22. cxd4 Bxb3 23. axb3 c6 24. Bg5+ f6 25. Bh4 Re8 26. Rxe8+ Kxe8 27. f4 Kf7 28. Kf2 Ke6 29. Ke3 Nb6 30. Ke4 Nc8 31. g4 Nd6+ 32. Ke3 f5 33. h3 Ne4 34. Kd3 Kd5 35. Be1 fxg4 36. hxg4 Nf6 37. g5 Ne4 38. Ba5 c5 39. Bb6 cxd4 40. Bxd4 Nc5+ 41. Bxc5 Kxc5 42. Kc3 a5 43. Kd3 Kb4 44. Kc2 b6 45. Kb1 Kxb3 46. Kc1 a4 47. Kb1 b5 48. Kc1 Kc4 49. Kc2 b4 50. Kb1 Kd3 51. Kc1 Ke3 0-1